00397 2200169 4500001002100000005001500021008004100036035001900077041000700096082000800103090001400111100001600125245002200141260002800163300002500191650001100216INLIS00000000000270520241224112604241224||||||||| | ||| |||| || |  0010-1224002705 aen0 a819 a819 AJI u0 aAjip Rosidi00aAcang Ucang Angge bKiblat Buku Utamac2001 a260 hlm 14.5 x 21 cm 0aSastra